Normal view MARC view
  • Perú

Entry Nombre Geográfico

Number of records used in: 1

001 - NÚMERO DE CONTROL

  • campo de control: 50290

003 - IDENTIFICADOR DE NUMERO DE CONTROL

  • campo de control: MX-MxUPN

005 - FECHA Y HORA DE LA ÜLTIMA TRANSACCIÓN

  • campo de control: 20231016093954.0

008 - DATOS DE LONGITUD FIJA

  • campo de control de longitud fija: 231016|| acn||aabn | a|a d

040 ## - FUENTE DE CATALOGACIÓN

  • Agencia de catalogación original: MX-MxUPN
  • Lenguaje de catalogación: spa
  • Agencia de transcripción: MX-MxUPN

151 ## - ENCABEZAMIENTO - NOMBRE GEOGRÁFICO

  • Nombre geográfico: Perú
  • Subdivisión general : Historia
  • Subdivisión cronológica : Hasta 1548

670 ## - FUENTE EN LA QUE SE LOCALIZARON DATOS

  • Cita de la fuente: Autoridades BGTQ, 16 octubre 2023:
  • Información localizada: (Perú--Historia--Subdivisión cronológica)

902 ## - CATALOGADOR

  • Catalogador: Víctor Ruiz/161023